[Event "20th Dubai Open 2018"]
[Site "Dubai"]
[Date "2018.04.09"]
[Round "8"]
[White "Darini, Pouria"]
[Black "Karthik, Kumar Pradeep"]
[Result "1/2-1/2"]
[WhiteElo "2478"]
[BlackElo "2191"]
[Annotator "TA"]
[PlyCount "126"]
[EventDate "2018.??.??"]
[EventType "swiss"]
[EventCountry "UAE"]
[SourceTitle "playchess.com"]
[Source "ChessBase"]
[SourceQuality "1"]

{[%evp 15,126,31,35,5,0,-32,-32,-33,-33,-33,-32,-29,-25,-26,-20,-43,-53,-40,-10,-29,-8,-10,57,51,54,55,45,10,25,25,25,30,27,34,22,-89,6,2,8,3,5,6,2,5,8,0,0,0,0,0,3,0,0,0,3,0,0,0,0,0,7,0,0,-6,0,0,0,0,0,-14,0,0,0,-16,49,0,0,-78,0,-21,-8,-21,-21,-21,-22,-29,-29,-83,-15,-15,-15,-814,-19,-21,0,0,0,-15,0,0,0,0,0,0,0,0,0,0,0,0,0,0,0]} 1. e4 c5 2. Nf3 e6 3. d4 cxd4 4. Nxd4 Nc6 5. Nc3 Qc7 6. Be3 a6 7. a3 b5 8. Nxc6 dxc6 {LiveBook: 10 Games. B48: Sicilian: Taimanov: 5 Nc3 Qc7 6 Be3 a6 without Be2} (8... Qxc6 9. Bd3 Bb7 10. O-O Nf6 11. Re1 Rc8 12. Qf3 Bd6 13. Bd4 Qc7 14. Bxf6 gxf6 15. Qh5 Be5 16. Nd1 Ke7 17. c3 Rcg8 18. Ne3 Rg5 19. Qh3 {0-1 (47) Carlsen,M (2837)-Ding,L (2774) Saint Louis 2017}) 9. f4 Bb7 10. Bd3 c5 {Black is slightly better.} 11. O-O c4 12. Be2 Bc5 13. Bxc5 Qxc5+ 14. Kh1 Ne7 $146 ({Find the theoretical novelty and annotate with similar games:} 14... Rd8 15. Qe1 Ne7 16. Bf3 {0-1 (40) Egorova,E-Pavlov,G (2305) St Petersburg 2002}) 15. f5 Rd8 16. Qe1 Qe5 17. Bg4 {White wants to play fxe6.} Bc8 18. Qh4 exf5 (18... h6 $11) 19. exf5 $14 {Black must now prevent f6.} Qf6 20. Qxf6 gxf6 21. a4 b4 22. Ne4 Nd5 23. Rfe1 O-O 24. Rad1 {Threatens to win with Rxd5!} Kg7 25. Nc5 {[#]} (25. Kg1 $11) 25... Rfe8 ({Better is} 25... c3 $1 $17 26. b3 Rde8) 26. Kg1 Rxe1+ 27. Rxe1 {aiming for Rd1.} h5 $132 {[%mdl 2048] Black puts up resistance} 28. Bf3 {And now Rd1 would win.} c3 29. bxc3 Nxc3 30. a5 ({Reject} 30. Bxh5 Rd5 $17) 30... Rd6 31. Re8 Bxf5 32. Rb8 Nd5 33. Nb7 Rd7 34. Nc5 Rd6 35. Nd3 Bxd3 36. cxd3 $11 {[%mdl 4096] Endgame KRB-KRN} f5 37. d4 Kf6 38. Kf2 h4 39. Rb7 f4 40. Rb8 Ke7 41. Rb7+ Ke6 42. Ke2 Nc3+ 43. Kd3 Nd5 44. Bh5 Ne3 (44... f5 $11) 45. Bf3 {[%mdl 1024] White has compensation.} Nd5 46. Bd1 (46. Ke2 $11 {keeps the balance.}) 46... f6 (46... Rc6 $17 {Strongly threatening ...h3.} 47. Kd2 Rc4) 47. Bg4+ f5 48. Bf3 Rc6 49. Bxd5+ $1 Kxd5 50. Rxb4 {KR-KR} Re6 51. Kd2 (51. Rb7 $11) 51... h3 (51... Rg6 $17 52. Ke2 Rxg2+ 53. Kf3 Ra2 54. Kxf4 Rxa5 55. Kxf5 Ra2) 52. gxh3 f3 53. Rb1 $2 {[%mdl 8192] [#]} (53. Rb3 $11) 53... Kxd4 $2 (53... Re2+ $1 $19 54. Kd3 f4) 54. Rb4+ {The position is equal.} Kc5 55. Rf4 Re2+ 56. Kd3 Rxh2 57. Rxf5+ Kb4 58. Rh5 f2 59. Ke2 Ka4 60. h4 Kb4 61. Kf1 Ka4 62. Ke2 Kb4 63. Kf1 Ka4 {Precision: White = 44%, Black = 48%.} 1/2-1/2

[Event "20th Dubai Open 2018"]
[Site "Dubai"]
[Date "2018.04.09"]
[Round "8"]
[White "Viani, Antonio Dcunha"]
[Black "Nandhidhaa, Pv"]
[Result "1-0"]
[WhiteElo "2435"]
[BlackElo "2272"]
[Annotator "TA"]
[PlyCount "79"]
[EventDate "2018.??.??"]
[EventType "swiss"]
[EventCountry "UAE"]
[SourceTitle "playchess.com"]
[Source "ChessBase"]
[SourceQuality "1"]

{[%evp 20,79,43,41,51,51,57,42,55,51,65,55,109,114,172,181,147,82,160,151,142,146,151,143,139,35,35,20,22,20,27,-24,-12,-40,-45,-45,75,-128,-95,-270,-183,-186,0,-97,86,47,198,-59,218,0,182,-60,239,234,230,231,29987,29988,29995,29996,29996,671]} 1. e4 c5 2. Nf3 e6 3. d4 cxd4 4. Nxd4 Nc6 5. Nc3 Qc7 6. Be3 a6 7. f4 d6 {B48: Sicilian: Taimanov: 5 Nc3 Qc7 6 Be3 a6 without Be2} (7... b5 8. Be2 Bb7 9. Bf3 Rc8 10. Nxc6 Bxc6 11. Qd4 b4 12. Ne2 Nf6 13. c4 Be7 14. O-O O-O 15. Ng3 d6 16. b3 a5 17. Kh1 Nd7 {½-½ (63) Nakamura,H (2779)-Najer,E (2679) Doha 2016}) 8. Qf3 b5 9. Bd3 Bb7 10. O-O-O Nf6 {[%cal Bg8f6,Bf6d7,Bd7c5][%mdl 32]} 11. g4 {[%cal Bg2g4,Bg4g5][%mdl 32] LiveBook: 7 Games} b4 12. Nce2 Nd7 13. Kb1 Nc5 14. g5 Rc8 15. h4 $146 ({Predecessor:} 15. Nxc6 Qxc6 16. Nd4 Qc7 17. h4 g6 18. h5 Rg8 19. hxg6 hxg6 {1-0 (47) Vasiesiu,C (2145)-Gheorghe,A (2035) Romania 1994}) 15... e5 (15... Nxd3 $14 16. cxd3 (16. Rxd3 Nxd4 17. Rxd4 d5 $17) 16... d5) 16. Nxc6 $16 Qxc6 (16... Nxd3 $16 17. cxd3 Qxc6) 17. Bxc5 $1 $18 Qxc5 18. h5 (18. fxe5 $142 {Hoping for Rhf1.} dxe5 19. Rhf1) 18... exf4 (18... Rc7 $142) 19. Nxf4 (19. Qxf4 $6 Be7 $11) 19... Qxg5 20. Nd5 Be7 21. Rhg1 (21. Nxb4 $6 Qe5 $11) 21... Qe5 22. Qg4 (22. Nxe7 $16 Kxe7 23. Rdf1) 22... g6 $14 23. hxg6 hxg6 24. Rdf1 {Strongly threatening Rxf7!} Rh7 25. Rg2 (25. Qf3 $142) 25... Rc5 $11 26. Rgf2 Bc8 27. Qe2 $1 a5 (27... Bh3 $15 28. Rg1 a5 29. Bb5+ Kf8 30. Nxe7 Qxe7) 28. Bc4 $2 (28. Bb5+ $16 {is forced if you want to stay better.} Kf8 29. Nf4) 28... Be6 29. Qd3 $2 (29. Bb3 $17 {was called for.}) 29... Rh3 30. Qe2 Rh7 $2 (30... Bxd5 31. Bxd5 f5 32. Qa6 $11) ({Better is} 30... Bh4 $19 31. Bb5+ Kf8) 31. Bb3 (31. Qd3 $1 $11 {was the only way to keep the balance.}) 31... Bd8 $2 (31... Bxd5 $6 32. Bxd5 f5 33. Qa6 $11) (31... Bh4 $1 $17 {[%cal Rh4f2]} 32. Nf6+ Bxf6 33. Rxf6 Bxb3 34. axb3 Rh2) 32. Qa6 {[%mdl 1024] White has strong compensation.} Rh2 $2 (32... Bxd5 $6 33. Bxd5 f5 34. Bc6+ (34. exf5 Qxd5 35. fxg6 Re7 $15) 34... Kf8 35. Qa8 $16) ({Black should try} 32... Bh3 $1 $14) 33. Rf3 $2 (33. Ba4+ $18 Kf8 34. Rxh2 (34. Qa8 $2 Rxf2 35. Qxd8+ Kg7 $19) 34... Qxh2 35. Nf4) 33... Rh3 $2 {[%mdl 8192]} (33... Bxd5 $15 {keeps the upper hand.} 34. Ba4+ Ke7 35. Qb7+ (35. exd5 f5 $17) 35... Rc7 36. Qxd5 (36. exd5 $2 f5 $19) 36... Qxd5 37. exd5 Kf8) 34. R3f2 (34. Ba4+ Kf8 $17) 34... Rh2 $1 {[%cal Rh2f2] And now ...Rxf2 would win.} (34... Bxd5 35. Bxd5 f5 36. Bc6+ (36. exf5 Qxd5 37. fxg6 Rh1 $18) 36... Kf8 37. Qc8 $18) (34... Qxe4 $2 35. Re2 $18 (35. Qxd6 Rxb3 36. Qxc5 Qxd5 $16)) 35. Rf3 $2 ({White should play} 35. Ba4+ $18 Kf8 36. Rxh2 (36. Qa8 $2 Rxf2 37. Qxd8+ Kg7 $19) 36... Qxh2 37. Nf4) 35... Rh3 $2 {[%mdl 8192] [#]} (35... f5 $1 $15 {stays ahead.} 36. Ba4+ Kf7 37. Qb7+ Kg8) 36. Nf6+ $1 $18 ({Weaker is} 36. Ba4+ Kf8 $17) 36... Bxf6 37. Rxf6 Qxe4 $2 {[#]} ({But not} 37... Bxb3 $2 38. Qa8+ Ke7 39. Qa7+ Kd8 40. Qb8+ Rc8 41. Rxd6+ Ke7 {[#]} 42. Rd7+ $1 {[%mdl 512]} (42. Qxc8 Bxc2+ 43. Ka1 Qxd6 $18) 42... Kxd7 43. Qxe5 $18) (37... Rxb3 $18 38. axb3 Bf5) 38. Rxe6+ $1 {[%mdl 512] White mates.} fxe6 39. Ba4+ Kd8 40. Qxd6+ {Precision: White = 30%, Black = 34%.} 1-0

[Event "20th Dubai Open 2018"]
[Site "Dubai"]
[Date "2018.04.09"]
[Round "8"]
[White "Raghunandan, Kaumandur Srihari"]
[Black "Balasubramaniam H"]
[Result "1-0"]
[WhiteElo "2434"]
[BlackElo "2060"]
[Annotator "TA"]
[PlyCount "61"]
[EventDate "2018.??.??"]
[EventType "swiss"]
[EventCountry "UAE"]
[SourceTitle "playchess.com"]
[Source "ChessBase"]
[SourceQuality "1"]

{[%evp 24,61,31,28,52,39,34,0,0,0,0,-32,0,-12,0,-20,43,50,80,88,135,135,464,463,612,571,708,682,818,812,803,796,910,927,975,877,1064,1048,1352,1345]} 1. d4 Nf6 2. c4 e6 3. Nf3 c5 4. d5 exd5 5. cxd5 d6 6. Nc3 g6 7. Bf4 a6 8. a4 Bg7 9. h3 {A61: Modern Benoni: Nf3 without early e4} Qe7 10. Nd2 O-O 11. e3 Nbd7 12. Nc4 Ne8 13. Be2 {LiveBook: 18 Games} Rb8 14. O-O Ne5 15. Qb3 $146 (15. Nb6 {feels hotter.} f5 16. a5 Nd7 17. Qb3 g5 18. Bh2) ({Predecessor:} 15. Na3 b6 16. Rb1 g5 17. Bg3 f5 18. f4 {0-1 (40) Burcu,C (2283)-Ponkratov,P (2591) Fuengirola 2017}) 15... Nxc4 16. Bxc4 b6 17. Qa3 Nc7 18. b4 Be5 19. Rad1 b5 (19... Bxf4 $11 20. exf4 Qf6) 20. bxc5 $14 Bxf4 21. exf4 b4 {[#]} 22. Qb3 $1 bxc3 $4 {[%mdl 8192]} (22... Re8 $16 {is more resistant.} 23. Ne2 a5) 23. Qxb8 $18 {White is clearly winning.} Bg4 24. Rde1 Qd7 25. Qb3 Bf5 26. c6 Qd8 27. Qxc3 Ne8 28. Bxa6 Qc7 29. Bd3 Bc8 30. Re3 Ng7 31. Rfe1 {Precision: White = 68%, Black = 31%.} 1-0

[Event "20th Dubai Open 2018"]
[Site "Dubai"]
[Date "2018.04.09"]
[Round "8"]
[White "Tahbaz, Arash"]
[Black "Oleksiyenko, Mykhaylo"]
[Result "1-0"]
[WhiteElo "2434"]
[BlackElo "2621"]
[Annotator "TA"]
[PlyCount "119"]
[EventDate "2018.??.??"]
[EventType "swiss"]
[EventCountry "UAE"]
[SourceTitle "playchess.com"]
[Source "ChessBase"]
[SourceQuality "1"]

{[%evp 17,119,44,54,47,41,16,64,50,62,57,75,60,74,59,104,69,75,76,120,110,176,168,168,158,177,163,262,212,241,237,262,253,394,408,391,372,355,258,258,258,256,255,253,253,254,258,258,257,258,258,238,253,248,237,250,242,279,274,268,274,297,295,279,193,193,192,175,187,233,220,258,254,244,214,434,429,493,461,568,550,641,666,652,652,642,638,675,650,29972,29972,29972,29973,29972,5601,1515,0,29970,29971,5772,1546,29975,29976,29978,12110]} 1. d4 Nf6 2. Nf3 e6 3. g3 b6 4. Bg2 Bb7 5. O-O g6 6. c4 Bg7 {E16: Queen's Indian: 4 g3 Bb7 5 Bg2 Bb4+} 7. Qc2 (7. Nc3 Ne4 8. Nxe4 Bxe4 9. Ne5 Bxg2 10. Kxg2 c5 11. Be3 Bxe5 12. dxe5 Qc7 13. Bd2 Nc6 14. Bc3 O-O-O 15. f4 h5 16. e3 g5 {0-1 (39) Fedoseev,V (2731)-Rodshtein,M (2695) Tbilisi 2017}) 7... O-O 8. Nc3 d6 9. e4 Nbd7 {LiveBook: 11 Games} 10. h3 a6 11. Re1 $146 ({Predecessor:} 11. Be3 h6 12. Rad1 Kh7 13. Rfe1 Ng8 14. Kh2 Rb8 15. b4 Re8 16. Ng1 Qe7 {1-0 (44) Volodin,V (2223)-Seidl,A (1983) Litomysl 2011}) 11... e5 12. dxe5 dxe5 13. Be3 c6 14. c5 {aiming for Rad1.} b5 15. a4 b4 16. Na2 a5 17. Nd2 Qe7 18. Nc1 Ra7 (18... Rfd8 $16) 19. Ncb3 Rfa8 20. Nc4 Ne8 21. Red1 Nc7 (21... Nf8 {keeps fighting.} 22. Nbd2 Ne6) 22. Nb6 Rd8 23. Rd6 Ne6 24. Rad1 Nxb6 (24... Ndf8 $142 25. Rxd8 Nxd8) 25. Rxd8+ $18 ({Weaker is} 25. cxb6 Rxd6 26. bxa7 Rxd1+ 27. Qxd1 Nd4 $16) 25... Nxd8 26. cxb6 Ra8 27. Nc5 {[#] Threatens to win with Rd7.} Bc8 28. Rxd8+ Qxd8 29. b7 Bxb7 30. Nxb7 Qc7 31. Nc5 {[%cal Bb7c5,Bc5b3,Bb3d2,Bd2c4][%mdl 32]} Bf8 32. Nb3 h5 33. h4 Kh7 34. Qc1 Qd7 35. Nd2 Rd8 36. Nc4 Qd1+ 37. Qxd1 Rxd1+ {[#]} 38. Bf1 $1 b3 39. Nxa5 (39. Nxe5 Bh6 $18) 39... Ra1 40. Nxb3 ({But not} 40. Nxc6 $6 Ba3 $18) 40... Rxa4 41. Nd2 Bh6 42. f4 f5 43. b3 Ra2 44. exf5 gxf5 45. Nf3 e4 $2 (45... exf4 {was called for.} 46. gxf4 Bg7) 46. Nd4 Kg6 47. Nxc6 Ra1 48. Ne7+ Kh7 49. b4 {[%cal Bb3b4,Bb4b5,Bb5b6][%mdl 32]} Bf8 50. Nc6 Rb1 51. b5 Rb3 52. Kf2 Bb4 53. Nxb4 Rxb4 54. b6 Rb2+ 55. Ke1 (55. Be2 $142 Kg8 56. Bd4 Rb4 57. Ke3 Kh7 58. Bc5 Rb3+ 59. Kd4 Rxg3 60. Bc4) 55... Rb1+ 56. Kf2 (56. Kd2 $18 Rxf1 57. Kc2) 56... Rb2+ 57. Be2 Kg6 58. Ke1 (58. Bd4 $142 Rb4 59. Ke3) 58... Rb3 59. Kd2 Rb2+ 60. Kd1 {Precision: White = 77%, Black = 40%.} (60. Kc1 $142 Rxe2 61. b7 Rxe3 62. b8=Q Rc3+ 63. Kb2 Rf3 64. Qe8+ Kf6 65. Qe5+ Kg6 66. Qe6+ Kg7 67. Qe7+ Kg6 68. Qg5+ Kf7 69. Qxf5+ Kg7 70. Qxe4 Rxg3 71. f5) 1-0

[Event "20th Dubai Open 2018"]
[Site "Dubai"]
[Date "2018.04.09"]
[Round "8"]
[White "Harsha, Bharathakoti"]
[Black "Kiriakov, Petr"]
[Result "1-0"]
[WhiteElo "2424"]
[BlackElo "2520"]
[Annotator "TA"]
[PlyCount "69"]
[EventDate "2018.??.??"]
[EventType "swiss"]
[EventCountry "UAE"]
[SourceTitle "playchess.com"]
[Source "ChessBase"]
[SourceQuality "1"]

{[%evp 18,68,35,28,39,45,35,28,20,10,16,8,27,31,50,61,47,46,43,40,44,28,45,47,48,22,22,14,213,208,217,140,137,90,124,128,131,149,518,0,152,0,518,518,494,497,1197,1160,5402,5297,29996,29997,29999]} 1. d4 e6 2. c4 Nf6 3. Nf3 Bb4+ 4. Nbd2 b6 5. a3 Bxd2+ 6. Qxd2 Bb7 7. e3 O-O 8. Be2 a5 9. b3 d5 {E14: Queen's Indian: Classical Variation (4 e3)} (9... d6 10. Bb2 Nbd7 11. O-O Qe7 12. Qc2 c5 13. Rfd1 Rfd8 14. Qc3 Ne4 15. Qe1 h6 16. Nd2 Nef6 17. Nb1 cxd4 18. exd4 e5 19. Bf1 e4 {1-0 (64) Wojtaszek,R (2742)-Moiseenko,A (2698) Germany 2015}) 10. Bb2 {LiveBook: 3 Games} c5 $146 ({Predecessor:} 10... Nbd7 11. O-O c5 12. Rfd1 Qe7 13. a4 Rfd8 14. Qe1 Rac8 15. Rac1 cxd4 16. Nxd4 Nc5 17. Ba3 dxc4 18. Bxc4 {½-½ (40) Khademalsharieh,S (2435)-Batsiashvili,N (2489) Khanty-Mansiysk 2016}) 11. dxc5 bxc5 {White is slightly better.} 12. cxd5 exd5 13. Qc3 Qb6 14. O-O Re8 15. Bd3 Ba6 16. Rfd1 a4 17. bxa4 {Threatens to win with Bxa6.} Bxd3 18. Rxd3 Qd6 19. Rad1 Qf8 $1 20. Qc2 {Black must now prevent Bxf6.} Nbd7 21. Rxd5 Nxd5 22. Ng5 {[%csl Gg5][%cal Rc2h7]} N7f6 $2 {[#]} (22... g6 $1 $11 23. Rxd5 Qe7) 23. Rxd5 $1 $18 {[%mdl 512]} Qe7 (23... Nxd5 24. Qxh7#) 24. Bxf6 Qxf6 25. Qxh7+ $40 {[%mdl 128] White is out for blood.} Kf8 {( -> ...Qa1+)} 26. h3 {Threatening mate with Rd7.} g6 27. Qh4 {aiming for Nh7+.} Kg8 $2 {[%mdl 8192]} (27... Kg7 $16 {is tougher.} 28. a5 (28. Rxc5 Rec8 $16) (28. Qh7+ Kf8 $18) 28... Qe7 29. Qh7+ Kf6) 28. Qh7+ $2 (28. Rd7 $18 {Qh7+ would kill now.} Qa1+ 29. Kh2 Qe5+ 30. Kg1 Qa1+ 31. Kh2) 28... Kf8 $16 29. Qh4 $2 (29. Rd7 $16 {[%cal Rd7f7]} Re7 30. Rd5) 29... Kg8 $1 $18 30. Rd7 Qa1+ 31. Kh2 {Intending Qh7+ and mate.} Qh8 (31... Qg7 $142 32. Rxf7 Qxf7) 32. Qc4 {[%csl Gd7,Gg5][%cal Rc4f7]} Qf6 33. Rxf7 Qa6 {[#]} 34. Rf8+ $1 {[%mdl 512]} Kxf8 35. Qf7# {Precision: White = 73%, Black = 30%.} 1-0

[Event "20th Dubai Open 2018"]
[Site "Dubai"]
[Date "2018.04.09"]
[Round "8"]
[White "Dimakiling, Oliver"]
[Black "Vishnu, Prasanna. V"]
[Result "0-1"]
[WhiteElo "2412"]
[BlackElo "2510"]
[Annotator "TA"]
[PlyCount "98"]
[EventDate "2018.??.??"]
[EventType "swiss"]
[EventCountry "UAE"]
[SourceTitle "playchess.com"]
[Source "ChessBase"]
[SourceQuality "1"]

{[%evp 11,98,15,40,18,18,18,26,33,35,10,18,0,0,0,3,0,0,0,0,0,10,28,20,-31,-20,-50,-63,-64,-63,-86,-72,-135,-135,-151,-149,-200,-96,-319,-283,-272,-220,-285,-277,-291,-304,-299,-293,-301,-152,-145,-98,-86,-87,-125,-91,-147,-125,-141,-79,-126,0,-154,-151,-157,-156,-200,-207,-174,-167,-267,-141,-238,-229,-1008,-1014,-6260,-6483,-29997,-1177,-1324,-686,-815,-772,-894,-894,-806,-805,-5027,-1009]} 1. Nf3 Nf6 2. g3 g6 3. Bg2 Bg7 4. O-O O-O 5. d4 d6 6. Re1 Bf5 {LiveBook: 15 Games. A49: 1 d4 Nf6 2 Nf3 g6 3 g3: Anti-King's Indian systems} (6... Nbd7 7. e4 e5 8. Nc3 Re8 9. h3 b6 10. a4 a6 11. d5 a5 12. Nd2 Re7 13. Nc4 Nc5 14. Bg5 h6 15. Be3 Ba6 16. Na3 Nh7 17. Qd2 {1-0 (37) Aronian,L (2797)-Rapport,R (2700) Caleta 2018}) 7. Nh4 Be4 8. f3 Bc6 {The position is equal.} 9. e4 e5 10. d5 $146 ({Predecessor:} 10. c3 Nh5 11. Bf1 Bd7 12. dxe5 Bxe5 13. Na3 Nc6 14. Nc4 {½-½ (62) Abdulla,A (2454)-Tologontegin,S (2393) Ashkhabad 2017}) 10... Bd7 11. c4 Nh5 12. Bf1 Nf4 13. Nc3 Nh3+ 14. Bxh3 $1 Bxh3 15. Be3 f5 16. exf5 gxf5 17. f4 (17. Qc2 $11) 17... Nd7 $15 18. Ng2 a6 19. Qc2 Qf6 20. Nd1 Rae8 21. Rf1 (21. Rc1 $142) 21... exf4 $17 22. Rxf4 Ne5 23. c5 (23. Bd4 $17 {was worth a try.}) 23... Ng4 (23... Bxg2 $19 {has better winning chances.} 24. Kxg2 Ng4) 24. Bf2 $2 (24. Nf2 $17) 24... Bh6 $19 25. Rf3 Qg7 26. cxd6 cxd6 27. Bb6 {[#]} f4 $1 {[%mdl 512] White must now prevent ...fxg3.} 28. Nf2 (28. Nxf4 Re1+) 28... Ne5 29. Rc3 Bf5 (29... Bxg2 $19 30. Kxg2 Nd7) 30. Qb3 $17 fxg3 31. Rxg3 Bg6 32. Rd1 Qf6 $36 {[%mdl 2048] White is under strong pressure.} 33. Kh1 Bg7 $1 34. Bd4 Rc8 (34... Qf5 $142 35. h3 Qh5) 35. Rg1 Qe7 (35... Qf7 $17 {aiming for ...Nf3.} 36. Ng4 Kh8 37. Nxe5 dxe5) 36. a4 $2 {[#]} ({Only move:} 36. Nh3 $1 $11) 36... b5 $1 {[%mdl 512]} 37. axb5 axb5 38. Nh3 Rc4 $1 {[%cal Rc4d4]} 39. Bc3 Qb7 40. Rd1 (40. Qd1 {is a better defense.}) 40... Be4 ({Black should try} 40... Qc8 $19 41. Ng5 b4 $1 {[%mdl 512]} 42. Bxe5 Bxe5) 41. Bxe5 (41. Ng5 $17 {was called for.}) 41... dxe5 $19 42. d6 $2 (42. Qe3 Bc2 43. Rd2 Rf1+ 44. Ng1) 42... Bc2 43. Rxg7+ Qxg7 44. Qxb5 {[#]} Rg4 (44... Qxg2+ $142 $1 {[%mdl 512]} 45. Kxg2 Rg4+ 46. Kh1 Be4#) 45. Re1 {Black is clearly winning.} Rd4 46. Ng1 Kh8 ({Not} 46... Be4 {[#]} 47. Rxe4 $1 {[%mdl 512]} Rxd6 48. Rxe5 $16) 47. Qxe5 Qxe5 48. Rxe5 Be4 49. Rg5 Rg8 {Precision: White = 31%, Black = 67%.} (49... Rf2 $142 50. h3 Rxd6) 0-1

[Event "20th Dubai Open 2018"]
[Site "Dubai"]
[Date "2018.04.09"]
[Round "8"]
[White "Arjun, Kalyan"]
[Black "Priyanka Nutakki"]
[Result "1-0"]
[WhiteElo "2397"]
[BlackElo "1957"]
[Annotator "NA RC"]
[PlyCount "73"]
[EventDate "2018.??.??"]
[EventType "swiss"]
[EventCountry "UAE"]
[SourceTitle "playchess.com"]
[Source "ChessBase"]
[SourceQuality "1"]
[TimeControl "5400+30"]

1. e4 {[%emt 0:00:00]} e6 {[%emt 0:00:06]} 2. d4 {[%emt 0:00:00]} d5 {[%emt 0:00:06]} 3. Nc3 {[%emt 0:00:00]} Bb4 {[%emt 0:00:05]} 4. e5 {[%emt 0:00:05]} c5 {[%emt 0:00:06]} 5. a3 {[%emt 0:00:03]} Bxc3+ {[%emt 0:00:05]} 6. bxc3 {[%emt 0:00:03]} Ne7 {[%emt 0:00:06]} 7. Qg4 {[%emt 0:00:06]} Qc7 {[%emt 0:00:05]} 8. Bd3 {[%emt 0:00:09]} cxd4 {[%emt 0:00:35]} 9. Ne2 {[%emt 0:00:12]} dxc3 {[%emt 0:00:16]} 10. Qxg7 {[%emt 0:00:11]} Rg8 {[%emt 0:00:05]} 11. Qxh7 {[%emt 0:00:05]} Qxe5 {[%emt 0:00:08] C18: French: 3 Nc3 Bb4: Main line: 7 h4 and 7 Qg4} 12. h4 {[%emt 0:00:06]} (12. Bf4 Qf6 13. h4 Rxg2 14. Kf1 Rg8 15. Rg1 Rh8 16. Bg5 Rxh7 17. Bxf6 Rh6 18. Bg5 Rh8 19. Bf6 Rh6 20. Bg5 Rh8 21. Bf6 {½-½ (21) Leko,P (2728)-Shirov,A (2713) Saratov 2011}) 12... Nd7 {[%emt 0:00:04]} 13. Bf4 {[%emt 0:00:30]} Qf6 {[%emt 0:00:15]} 14. Bg5 {[%emt 0:00:12]} Qh8 {[%emt 0:00:08]} 15. Qxh8 {[%emt 0:00:08]} Rxh8 {[%emt 0:00:02]} 16. Nxc3 {[%emt 0:00:08]} a6 {[%emt 0:00:06]} 17. O-O-O {[%emt 0:00:46]} f6 {[%emt 0:00:40]} 18. Be3 {[%emt 0:00:12]} Kf7 {[%emt 0:06:06]} 19. h5 $146 {[%emt 0:05:50]} ({Find the theoretical novelty and annotate with similar games:} 19. f4) 19... Ne5 {[%emt 0:05:29]} 20. Be2 {[%emt 0:01:59]} b5 {[%emt 0:14:36]} 21. f4 {[%emt 0:06:14]} Nc4 {[%emt 0:00:23]} 22. Bxc4 {[%emt 0:22:16]} bxc4 {[%emt 0:05:07]} 23. Bc5 {[%emt 0:04:32]} Bb7 {[%emt 0:05:15]} 24. Ne4 $14 {[%emt 0:01:03]} Nf5 {[%emt 0:34:12]} 25. g4 {[%emt 0:02:58]} Bc8 {[%emt 0:00:04]} 26. Nc3 {[%emt 0:04:59]} Nh6 {[%emt 0:05:57]} 27. Rhg1 {[%emt 0:09:57]} Rg8 {[%emt 0:08:41]} 28. g5 {[%emt 0:00:37]} Nf5 {[%emt 0:00:02]} 29. Ne2 {[%emt 0:06:22]} Bd7 {[%emt 0:12:11]} 30. Nd4 {[%emt 0:00:59]} Rh8 {[%emt 0:03:31]} 31. Nxf5 {[%emt 0:00:13]} exf5 {[%emt 0:00:04]} 32. Rxd5 {[%emt 0:00:20]} Be6 {[%emt 0:00:42]} 33. Rd6 {[%emt 0:00:06]} fxg5 {[%emt 0:00:46]} 34. fxg5 {[%emt 0:00:31]} Rxh5 {[%emt 0:00:37]} 35. g6+ {[%emt 0:00:11]} Kf6 {[%emt 0:00:05]} 36. Re1 {[%emt 0:00:34]} Re8 {[%emt 0:01:02]} 37. Bd4+ {[%emt 0:00:04]} 1-0